[Event "41st Olympiad Women 2014"]
[Site "Tromso NOR"]
[Date "2014.08.10"]
[Round "8.60"]
[Board "3"]
[White "Mena, Ailen Oriana"]
[Black "Zengeni, Paidaishe"]
[Result "1/2-1/2"]
[BlackTitle "WCM"]
[WhiteElo "1681"]
[BlackElo "1678"]
[WhiteTeam "Netherlands Antilles"]
[BlackTeam "Zimbabwe"]
[WhiteFideId "3902773"]
[BlackFideId "11000660"]
[EventDate "2014.08.02"]

1. e4 c5 2. c3 e6 3. d4 cxd4 4. cxd4 d6 5. Nf3 Nf6 6. Bd3 Be7 7. O-O O-O 8. Nc3
a6 9. h3 b5 10. a3 Bb7 11. Bc2 Nbd7 12. Bf4 Qc7 13. Re1 e5 14. Be3 Rac8 15. Rc1
Qb8 16. Nh2 Qa8 17. d5 Rfe8 18. Ng4 Bf8 19. Bg5 Be7 20. Qf3 Nxg4 21. Qxg4 Bxg5
22. Qxg5 Nf6 23. Ne2 Rc7 24. Bd3 Rxc1 25. Rxc1 Rc8 26. Kf1 Rxc1+ 27. Qxc1 Qc8
28. Qc2 Nd7 29. b4 Qxc2 30. Bxc2 Nb6 31. Bb3 f5 32. Ng3 fxe4 33. Nxe4 Nc8 34.
Ke2 h6 35. h4 Kf8 36. Ke3 Ke7 37. f4 exf4+ 38. Kxf4 Nb6 39. Nc3 Kf6 40. g3 Ke7
41. Kf5 Kf7 42. g4 g6+ 43. Ke4 Kf6 44. Kd4 Nd7 45. Ne4+ Ke7 46. g5 hxg5 47. hxg5
Ne5 1/2-1/2

[Event "41st Olympiad Women 2014"]
[Site "Tromso NOR"]
[Date "2014.08.10"]
[Round "8.66"]
[Board "1"]
[White "Shamima, Akter Liza"]
[Black "Morales Santos, Natasha"]
[Result "1-0"]
[WhiteTitle "WIM"]
[BlackTitle "WCM"]
[WhiteElo "2147"]
[BlackElo "1726"]
[WhiteTeam "Bangladesh"]
[BlackTeam "Puerto Rico"]
[WhiteFideId "10202587"]
[BlackFideId "3101703"]
[EventDate "2014.08.02"]

1. d4 e6 2. c4 f5 3. g3 Nf6 4. Bg2 Be7 5. Nc3 d5 6. Nf3 c6 7. O-O O-O 8. b3 Ne4
9. Qc2 Nd7 10. a4 Ndf6 11. Ba3 Bxa3 12. Rxa3 Bd7 13. e3 Nxc3 14. Qxc3 Ne4 15.
Qc2 Qe7 16. c5 b6 17. b4 a5 18. cxb6 axb4 19. Raa1 Ra5 20. Ne5 Nc3 21. Qb3 Rb8
22. Nxd7 Qxd7 23. Qxb4 Rxa4 24. Qxc3 Rxa1 25. Rxa1 Rxb6 26. Ra8+ Kf7 27. Qa5 Rb7
28. Bf1 1-0

[Event "41st Olympiad Women 2014"]
[Site "Tromso NOR"]
[Date "2014.08.10"]
[Round "8.66"]
[Board "2"]
[White "Vega Jimenez, Keyshla M."]
[Black "Hamid, Rani"]
[Result "1-0"]
[BlackTitle "WIM"]
[WhiteElo "1664"]
[BlackElo "1995"]
[WhiteTeam "Puerto Rico"]
[BlackTeam "Bangladesh"]
[WhiteFideId "3101851"]
[BlackFideId "10200096"]
[EventDate "2014.08.02"]

1. e4 c5 2. Nf3 e6 3. d4 cxd4 4. Nxd4 a6 5. Bd3 Nc6 6. Be3 Nf6 7. c4 Bb4+ 8. Nc3
Ne5 9. f3 Qc7 10. Qe2 b5 11. Rc1 Nxd3+ 12. Qxd3 bxc4 13. Qe2 d5 14. O-O O-O 15.
a3 Bd6 16. h3 e5 17. Nxd5 Nxd5 18. Rxc4 Qxc4 19. Qxc4 Nxe3 20. Qc6 Nxf1 21. Qxa8
Bc5 22. Kxf1 Bxd4 23. b4 Bb2 24. a4 Bc3 25. b5 axb5 26. axb5 Be6 27. Qa4 Rc8 28.
Kf2 Bd4+ 29. Kg3 Be3 30. h4 h5 31. Qd1 g6 32. Qe2 Bf4+ 33. Kf2 Rc1 34. b6 Rb1
35. g3 Bh6 36. Qa6 Rb2+ 37. Kf1 Be3 38. b7 Kg7 39. Qc6 Ba7 40. Qc7 Rb5 41. Ke2
Kh7 42. Kd2 Rb2+ 43. Kc1 Rb4 44. Kd2 Rd4+ 45. Ke1 Rb4 46. Kd2 Rb5 47. f4 exf4
48. gxf4 Rb2+ 49. Kd3 Rb3+ 50. Kd2 Rb5 51. Kd3 Rb3+ 52. Kd2 Rb2+ 53. Kd3 Rb5 54.
Kd2 Kg7 55. Kc2 Bg4 56. Qc3+ Kg8 57. Qc6 Rb4 58. Qc8+ Kh7 59. Qa8 Bf3 60. Kc3
Bc5 61. b8=Q Rxb8 62. Qxb8 Bf2 63. Qc7 Kg7 64. Qe7 Bg3 65. f5 Be1+ 66. Kd3 Bg4
67. f6+ 1-0

[Event "41st Olympiad Women 2014"]
[Site "Tromso NOR"]
[Date "2014.08.10"]
[Round "8.66"]
[Board "3"]
[White "Sultana, Zakia"]
[Black "Comas Colon, Rinelly M."]
[Result "0-1"]
[WhiteTitle "WFM"]
[BlackTitle "WFM"]
[WhiteElo "1964"]
[BlackElo "1762"]
[WhiteTeam "Bangladesh"]
[BlackTeam "Puerto Rico"]
[WhiteFideId "10201220"]
[BlackFideId "3101576"]
[EventDate "2014.08.02"]

1. d4 g6 2. Nf3 Bg7 3. g3 d6 4. Bg2 Nf6 5. O-O O-O 6. c4 c5 7. Nc3 Nc6 8. e3 Rb8
9. Re1 Bd7 10. b3 Qc8 11. Bb2 Bh3 12. Bh1 a6 13. a4 b6 14. Ne2 Nb4 15. Bc3 Ne4
16. Bxb4 cxb4 17. Nf4 Bg4 18. Qd3 Nc3 19. e4 Re8 20. Nd5 Nxd5 21. exd5 b5 22.
Nd2 Qf5 23. Be4 Qc8 24. cxb5 axb5 25. Rac1 Qb7 26. axb5 Qxb5 27. Qxb5 Rxb5 28.
Rc4 Rbb8 29. Bg2 Bf5 30. Nf3 Bd3 31. Rc7 Bf6 32. Bf1 Bxf1 33. Kxf1 Rb5 34. Rc4
Reb8 35. Rec1 Rxd5 36. Rc8+ Rxc8 37. Rxc8+ Kg7 38. Rb8 Bxd4 39. Rxb4 Bc5 40. Rb7
Rd1+ 41. Ke2 Rb1 42. Nd2 Rb2 43. f3 d5 44. Kd3 Ra2 45. Rb5 Bg1 46. Rxd5 Bxh2 47.
g4 Bf4 48. Nc4 Rf2 49. Ke4 Bb8 50. b4 Rf1 51. b5 Rc1 52. Kd3 e6 53. Rc5 Ba7 54.
Rc6 Bb8 55. b6 Rb1 56. Kc2 Rb5 57. Kc3 Kf6 58. Na3 Be5+ 59. Kc2 Rb2+ 60. Kc1 Rb3
61. Nc4 Bg3 62. Kc2 Rb5 63. Na3 Rb4 64. Kc3 Be1+ 65. Kc2 Bg3 66. Kc3 Be1+ 67.
Kc2 h5 68. gxh5 gxh5 69. Kd1 Bf2 70. Nc4 h4 71. Ke2 Bd4 72. f4 h3 73. Kf1 Rb1+
74. Ke2 h2 0-1

[Event "41st Olympiad Women 2014"]
[Site "Tromso NOR"]
[Date "2014.08.10"]
[Round "8.66"]
[Board "4"]
[White "Rivera Negron, Yanira"]
[Black "Sultana, Sharmin Shirin"]
[Result "1/2-1/2"]
[BlackTitle "WFM"]
[WhiteElo "1603"]
[BlackElo "1984"]
[WhiteTeam "Puerto Rico"]
[BlackTeam "Bangladesh"]
[WhiteFideId "3101177"]
[BlackFideId "10204482"]
[EventDate "2014.08.02"]

1. c4 c6 2. g3 Nf6 3. Bg2 g6 4. Nf3 Bg7 5. Nc3 O-O 6. O-O d5 7. cxd5 cxd5 8. d4
Nc6 9. e3 Bf5 10. Qb3 Na5 11. Qb4 Bd3 12. Rd1 Ba6 13. Na4 Nc6 14. Qe1 b6 15. b3
Qd6 16. Bb2 Rac8 17. Rac1 Rc7 18. Ne5 Rfc8 19. Nxc6 Rxc6 20. Rxc6 Rxc6 21. Rc1
Bb5 22. Rxc6 Qxc6 23. Nc3 Ba6 24. Qc1 e6 25. Ba3 h5 26. Qd2 Bh6 27. Be7 Nd7 28.
Ba3 Qb7 29. Qc1 Bd3 30. Qd1 Qa6 31. Be7 Nb8 32. Bf1 Bxf1 33. Qxf1 Qb7 34. Ba3 a6
35. Qd3 b5 36. Bc5 Nd7 37. b4 Nb6 38. Bxb6 Qxb6 39. Nd1 Bf8 40. Qb3 Qd6 41. a3
e5 42. Qd3 Bg7 43. dxe5 Qxe5 44. Kg2 Bf6 45. f3 Kg7 46. Qb3 h4 47. a4 d4 48.
axb5 axb5 49. Qd3 hxg3 50. hxg3 dxe3 51. Nxe3 Qb2+ 52. Nc2 Kf8 53. Kh3 Qb1 54.
Kg2 Qa2 55. Kh3 Qc4 56. Qxc4 bxc4 57. Kg4 Ke7 58. Kf4 Kd6 59. Ke4 Kc6 60. Na3 c3
61. b5+ Kc5 62. Kd3 g5 63. Nb1 Kxb5 64. Nxc3+ Bxc3 65. Kxc3 Kc5 66. Kd3 Kd5 67.
Ke3 Ke5 68. Kd3 1/2-1/2

[Event "41st Olympiad Women 2014"]
[Site "Tromso NOR"]
[Date "2014.08.11"]
[Round "9.1"]
[Board "1"]
[White "Danielian, Elina"]
[Black "Lagno, Kateryna"]
[Result "1-0"]
[WhiteTitle "GM"]
[BlackTitle "GM"]
[WhiteElo "2490"]
[BlackElo "2540"]
[WhiteTeam "Armenia"]
[BlackTeam "Russia"]
[WhiteFideId "13300210"]
[BlackFideId "14109336"]
[EventDate "2014.08.02"]

1. c4 g6 2. Nc3 c5 3. Nf3 Bg7 4. g3 Nc6 5. Bg2 e6 6. d4 Nxd4 7. Nxd4 cxd4 8. Ne4
d5 9. cxd5 exd5 10. Qa4+ Kf8 11. Nc5 Ne7 12. Bf4 Bf6 13. Rc1 Kg7 14. O-O Qb6 15.
b4 a6 16. Rfe1 Qb5 17. Qb3 b6 18. Nd3 Bf5 19. a4 Qd7 20. Bc7 b5 21. Nc5 bxa4 22.
Nxa4 Rae8 23. Nb6 Qe6 24. Nxd5 Nxd5 25. Bxd5 Qd7 26. Bc6 Qe6 27. Bd5 Qd7 28. Bf4
Be6 29. Bxe6 Qxe6 30. Qf3 Rc8 31. Rc5 Rhe8 32. h4 Be7 33. Be5+ Bf6 34. Bf4 Be7
35. Re5 Qc4 36. Qe4 Qxb4 37. Rb1 f5 38. Rxb4 fxe4 39. Rb7 Kf6 40. Rexe7 1-0

[Event "41st Olympiad Women 2014"]
[Site "Tromso NOR"]
[Date "2014.08.11"]
[Round "9.1"]
[Board "3"]
[White "Galojan, Lilit"]
[Black "Girya, Olga"]
[Result "1/2-1/2"]
[WhiteTitle "IM"]
[BlackTitle "WGM"]
[WhiteElo "2275"]
[BlackElo "2484"]
[WhiteTeam "Armenia"]
[BlackTeam "Russia"]
[WhiteFideId "13301314"]
[BlackFideId "4195752"]
[EventDate "2014.08.02"]

1. d4 d5 2. c4 c6 3. Nf3 Nf6 4. e3 Bf5 5. Nc3 e6 6. Nh4 Bg6 7. Be2 Nbd7 8. O-O
Bd6 9. g3 dxc4 10. Nxg6 hxg6 11. Bxc4 Qe7 12. Bd2 e5 13. Re1 e4 14. f4 Nb6 15.
Bf1 Nfd5 16. a4 a5 17. Nxd5 Nxd5 18. Qb3 Nf6 19. Bc3 g5 20. Rad1 Kf8 21. Qc2 Ng4
22. h3 Nf6 23. Bg2 Re8 24. Bxa5 Nh5 25. d5 Nxg3 26. dxc6 bxc6 27. Bb6 Rh6 28.
fxg5 Rg6 29. Rxd6 Rxd6 30. Bc5 Kg8 31. Qf2 Nh5 32. Bxd6 Qxd6 33. h4 g6 34. Bh3
f5 35. gxf6 Rf8 36. Qg2 Rxf6 37. Bg4 Ng3 38. Rd1 Qe5 39. a5 c5 40. Qd2 Kg7 41.
Ra1 Nf5 42. Qh2 Qd5 43. Rd1 Nxe3 44. Qc7+ Qf7 45. Rd7 Rf1+ 46. Kh2 Nxg4+ 47. Kg3
Rf3+ 48. Kxg4 Rf4+ 49. Kg3 Rf3+ 50. Kg2 Rf2+ 51. Kg1 Rf1+ 52. Kg2 Rf2+ 53. Kh1
Rf1+ 54. Kh2 Rf2+ 55. Kh3 Rf3+ 56. Kh2 Rf2+ 57. Kh3 Rf3+ 58. Kg4 Rf4+ 1/2-1/2

[Event "41st Olympiad Women 2014"]
[Site "Tromso NOR"]
[Date "2014.08.11"]
[Round "9.1"]
[Board "4"]
[White "Pogonina, Natalija"]
[Black "Kursova, Maria"]
[Result "1-0"]
[WhiteTitle "WGM"]
[BlackTitle "WGM"]
[WhiteElo "2479"]
[BlackElo "2313"]
[WhiteTeam "Russia"]
[BlackTeam "Armenia"]
[WhiteFideId "4147855"]
[BlackFideId "4129709"]
[EventDate "2014.08.02"]

1. e4 c5 2. Nf3 e6 3. d4 cxd4 4. Nxd4 Nc6 5. Nc3 Qc7 6. Be2 a6 7. O-O Nf6 8. Be3
Be7 9. f4 d6 10. Qe1 O-O 11. Qg3 Nxd4 12. Bxd4 b5 13. a3 Bb7 14. Kh1 Rad8 15.
Rae1 Rd7 16. Bd3 Re8 17. Re3 g6 18. Ref3 Bd8 19. f5 exf5 20. exf5 Nh5 21. Qg4
Bxf3 22. Qxf3 d5 23. g4 Ng7 24. Nxd5 Qd6 25. c4 Bh4 26. Bc3 Re5 27. Bb4 Qb8 28.
f6 Rexd5 29. cxd5 Ne8 30. Be7 Qe5 31. d6 Rxd6 32. Bxd6 Qxd6 33. Qa8 Kf8 34. Be4
Bxf6 35. Bd5 h6 36. Re1 Bd8 37. Qc6 Qxc6 38. Bxc6 Nc7 39. Rd1 Bf6 40. b3 Bb2 41.
a4 bxa4 42. bxa4 a5 43. Rd7 Be5 44. Bb5 Kg7 45. Bc4 Kf6 46. Rxf7+ Kg5 47. h3 h5
48. gxh5 gxh5 49. Bd3 1-0

[Event "41st Olympiad Women 2014"]
[Site "Tromso NOR"]
[Date "2014.08.11"]
[Round "9.2"]
[Board "1"]
[White "Narva, Mai"]
[Black "Sahl, Sheila Barth"]
[Result "1-0"]
[WhiteTitle "WCM"]
[BlackTitle "WIM"]
[WhiteElo "2205"]
[BlackElo "2216"]
[WhiteTeam "Estonia"]
[BlackTeam "Norway"]
[WhiteFideId "4500512"]
[BlackFideId "1500953"]
[EventDate "2014.08.02"]

1. e4 c5 2. Nf3 d6 3. d4 cxd4 4. Nxd4 Nf6 5. Nc3 a6 6. a4 e5 7. Nf3 Qc7 8. Bg5
Nbd7 9. Nd2 h6 10. Bxf6 Nxf6 11. Bc4 Be6 12. Bb3 Rd8 13. Qf3 Be7 14. Nf1 Bxb3
15. cxb3 d5 16. exd5 Bb4 17. Ng3 Bxc3+ 18. bxc3 Nxd5 19. O-O O-O 20. c4 Ne7 21.
Rad1 Qb6 22. Qc3 Qe6 23. Qb4 b6 24. a5 bxa5 25. Qxa5 Rb8 26. Ne4 Qb6 27. Qxe5
Ng6 28. Qd6 Qxd6 29. Rxd6 Rxb3 30. Rxa6 Ne5 31. c5 Rc8 32. f4 Nd7 33. Rd1 Nxc5
34. Rc1 Nxa6 35. Rxc8+ Kh7 36. Nd6 Rb6 37. Nxf7 Rf6 38. Rh8+ Kg6 39. Ne5+ Kf5
40. g3 g5 41. fxg5 hxg5 42. Nf3 Nc7 43. Rg8 Ne6 44. Ra8 Ke4 45. Kg2 g4 46. Ra4+
Ke3 47. Ne5 Ke2 48. Nxg4 Rg6 49. Re4+ Kd2 50. h4 Nc5 51. Rc4 Ne6 52. h5 Rg8 53.
Ne5 Rh8 54. g4 Ke3 55. Kg3 Ng5 56. Kh4 Ne4 57. Nf7 Rf8 58. Rc7 Ra8 59. Ng5 Nf6
60. Re7+ Kd3 61. Rf7 Ng8 62. Ne6 Ra1 63. Kg5 Ra5+ 64. Kg6 Ra6 65. Kg7 1-0

[Event "41st Olympiad Women 2014"]
[Site "Tromso NOR"]
[Date "2014.08.11"]
[Round "9.2"]
[Board "2"]
[White "Dolzhikova, Olga"]
[Black "Tsiganova, Monika"]
[Result "1-0"]
[WhiteTitle "WGM"]
[BlackTitle "WIM"]
[WhiteElo "2166"]
[BlackElo "2094"]
[WhiteTeam "Norway"]
[BlackTeam "Estonia"]
[WhiteFideId "14105870"]
[BlackFideId "4500199"]
[EventDate "2014.08.02"]

1. e4 c5 2. c3 Nf6 3. e5 Nd5 4. g3 d6 5. exd6 e6 6. Bg2 Bxd6 7. Nf3 Nc6 8. O-O
O-O 9. d4 cxd4 10. Nxd4 Nxd4 11. Qxd4 Qc7 12. Nd2 Rd8 13. Nf3 Bd7 14. Bg5 f6 15.
Bd2 Bb5 16. Rfe1 Bc5 17. Qe4 e5 18. Red1 Nb6 19. Be1 a5 20. b3 Bc6 21. Qe2 Rxd1
22. Rxd1 Rd8 23. Rxd8+ Qxd8 24. Qd2 Qxd2 25. Nxd2 Bxg2 26. Kxg2 f5 27. c4 a4 28.
Nb1 axb3 29. axb3 Kf7 30. Bc3 Ke6 31. f4 Nd7 32. fxe5 Nxe5 33. Nd2 g6 34. Kf1
Ng4 35. Nf3 Be7 36. Ke2 h6 37. Bd2 Bf8 38. Bc3 Be7 39. Bd4 Bd6 40. Bg7 Kf7 41.
Bd4 Ke6 42. Bg1 Nf6 43. Nd4+ Kd7 44. Nb5 Be5 45. Bd4 Bxd4 46. Nxd4 Kd6 47. Kd3
Ne4 48. b4 Nf2+ 49. Ke2 Ne4 50. Ke3 Nf6 51. Nf3 g5 52. Kd4 b6 53. Ne5 Ke6 54.
Nd3 Ng4 55. h3 Nf6 56. b5 Nh5 57. c5 Nxg3 58. cxb6 Kd6 59. Ne5 Ne2+ 60. Kc4 Nf4
61. Nc6 Ne6 62. b7 1-0

[Event "41st Olympiad Women 2014"]
[Site "Tromso NOR"]
[Date "2014.08.11"]
[Round "9.2"]
[Board "3"]
[White "Narva, Triin"]
[Black "Koskela, Niina"]
[Result "1/2-1/2"]
[WhiteTitle "WCM"]
[BlackTitle "WGM"]
[WhiteElo "2068"]
[BlackElo "2213"]
[WhiteTeam "Estonia"]
[BlackTeam "Norway"]
[WhiteFideId "4502680"]
[BlackFideId "500755"]
[EventDate "2014.08.02"]

1. e4 e5 2. Nf3 Nc6 3. Bb5 a6 4. Ba4 Nf6 5. O-O Be7 6. d3 b5 7. Bb3 d6 8. a3 O-O
9. Nc3 Bg4 10. Be3 Nd4 11. Bxd4 exd4 12. Nd5 c6 13. Nf4 Nd7 14. h3 Bxf3 15. Qxf3
Bf6 16. Qd1 Rc8 17. Ne2 c5 18. g4 c4 19. Ba2 Qb6 20. Nf4 Qc5 21. Nd5 Bd8 22. b4
cxb3 23. Bxb3 a5 24. a4 bxa4 25. Rxa4 Nb6 26. Nxb6 Bxb6 27. Ra2 Qg5 28. f4 Qh4
29. Qf3 Rc5 30. Kh2 h6 31. Rb1 Rfc8 32. Qg3 Qxg3+ 33. Kxg3 Bd8 34. Ra4 Bf6 35.
Bc4 g5 36. fxg5 hxg5 37. Rb7 Be5+ 38. Kf3 R8c7 39. Rxc7 Rxc7 40. Rxa5 Kg7 41.
Ra8 Rb7 42. Bb3 Kf6 43. Ke2 Kg7 44. Kd1 Bf4 45. Ke2 Rc7 46. Ra5 Be5 47. Kf3 1/2-1/2

[Event "41st Olympiad Women 2014"]
[Site "Tromso NOR"]
[Date "2014.08.11"]
[Round "9.2"]
[Board "4"]
[White "Hagesather, Ellen"]
[Black "Fomina, Tatyana"]
[Result "1-0"]
[WhiteTitle "WIM"]
[BlackTitle "WIM"]
[WhiteElo "2182"]
[BlackElo "2216"]
[WhiteTeam "Norway"]
[BlackTeam "Estonia"]
[WhiteFideId "1501909"]
[BlackFideId "4500156"]
[EventDate "2014.08.02"]

1. c4 Nc6 2. g3 e5 3. Nc3 Nf6 4. Bg2 Be7 5. a3 O-O 6. e3 d6 7. Nge2 Be6 8. Nd5
Qd7 9. O-O Bh3 10. b4 Bxg2 11. Kxg2 Nd8 12. Nec3 c6 13. Nxf6+ Bxf6 14. e4 Ne6
15. d3 Bg5 16. Bxg5 Nxg5 17. f4 Qh3+ 18. Kh1 exf4 19. gxf4 Ne6 20. f5 Ng5 21.
Ra2 f6 22. Rg2 g6 23. Ne2 gxf5 24. Rxf5 Kh8 25. Qa1 Nf3 26. Ng1 Qxg2+ 27. Kxg2
Nh4+ 28. Kf2 Nxf5 29. exf5 a5 30. Qb2 b5 31. Nf3 axb4 32. axb4 bxc4 33. dxc4 Kg8
34. Nd4 Rfc8 35. Ne6 Kf7 36. Qe2 Ra7 37. Qh5+ Kg8 38. Qg4+ Kh8 39. Qd4 Rca8 40.
Qxf6+ Kg8 41. Ng5 Rf8 42. Qe6+ Kg7 43. Ne4 Raf7 44. Nxd6 Rf6 45. Ne8+ 1-0

[Event "41st Olympiad Women 2014"]
[Site "Tromso NOR"]
[Date "2014.08.11"]
[Round "9.3"]
[Board "3"]
[White "Guichard, Pauline"]
[Black "Tan, Zhongyi"]
[Result "0-1"]
[WhiteTitle "WGM"]
[BlackTitle "WGM"]
[WhiteElo "2375"]
[BlackElo "2468"]
[WhiteTeam "France"]
[BlackTeam "China"]
[WhiteFideId "639370"]
[BlackFideId "8603642"]
[EventDate "2014.08.02"]

1. c4 e6 2. g3 Nf6 3. Bg2 d5 4. Nf3 dxc4 5. Qa4+ Nbd7 6. Qxc4 a6 7. Qc2 c5 8.
Nc3 Rb8 9. d4 cxd4 10. Nxd4 Ne5 11. Nb3 Bd6 12. O-O O-O 13. Bg5 Bd7 14. Rfd1 Qc7
15. Rac1 Rfc8 16. Bxf6 gxf6 17. Qd2 Nc4 18. Qh6 Bf8 19. Qxf6 Bg7 20. Qh4 Be8 21.
Ne4 Qe5 22. Rxc4 Rxc4 23. Nf6+ Qxf6 24. Qxc4 Qxb2 25. Nc5 Rc8 26. Bxb7 Qxb7 27.
Nxb7 Rxc4 28. Rd8 Rc1+ 29. Kg2 Kf8 30. Nd6 Ke7 31. Rxe8+ Kxd6 32. Ra8 Rc6 33.
Ra7 Rc7 34. Rxa6+ Kd7 35. e3 Bf8 36. Ra8 Rc8 37. Ra7+ Ke8 38. Ra5 Bc5 39. Kf3 f5
40. h3 Ke7 41. Ra4 Rc7 42. g4 Kf6 43. Rc4 Bd6 44. Rd4 Be5 45. Rb4 Rc5 46. a4 Bc7
47. Rd4 h6 48. Rd7 h5 49. gxh5 Kg5 50. Rh7 e5 51. Kg2 e4 52. Rh8 Be5 53. Rf8 Bc3
54. f3 Kxh5 55. fxe4 fxe4 56. Rf4 Re5 57. Kf2 Kg6 58. Ke2 Ba5 59. Kd1 Bc7 60.
Ke2 Re8 61. Rh4 Kg5 62. Rh7 Be5 63. Rb7 Rh8 64. a5 Rxh3 65. a6 Rh2+ 66. Kd1 Ra2
67. a7 Bf6 68. Kc1 Kg4 69. Kb1 Ra1+ 70. Kc2 Bg5 71. Kb2 Ra6 72. Rg7 Kf5 73. Rf7+
Ke5 74. Kc2 Bxe3 75. Re7+ Kf4 76. Rf7+ Kg3 77. Rg7+ Kf3 0-1

[Event "41st Olympiad Women 2014"]
[Site "Tromso NOR"]
[Date "2014.08.11"]
[Round "9.3"]
[Board "4"]
[White "Guo, Qi"]
[Black "Congiu, Mathilde"]
[Result "1-0"]
[WhiteTitle "WGM"]
[BlackTitle "WIM"]
[WhiteElo "2453"]
[BlackElo "2318"]
[WhiteTeam "China"]
[BlackTeam "France"]
[WhiteFideId "8604002"]
[BlackFideId "634581"]
[EventDate "2014.08.02"]

1. d4 Nf6 2. Nf3 g6 3. c4 Bg7 4. Nc3 d6 5. e4 O-O 6. Be2 e5 7. Be3 Ng4 8. Bg5 f6
9. Bh4 g5 10. Bg3 Nh6 11. c5 Nc6 12. cxd6 cxd6 13. dxe5 fxe5 14. O-O g4 15. Nd2
Nd4 16. Bc4+ Kh8 17. Nb3 Nxb3 18. Bxb3 a6 19. Qd3 b5 20. Rad1 b4 21. Na4 Nf7 22.
Bxf7 Rxf7 23. Qd5 Raa7 24. Bxe5 Rad7 25. Bxg7+ Rxg7 26. Qd4 Bb7 27. Qxb4 Qf6 28.
Nb6 Rd8 29. Qd4 Qg6 30. Rfe1 Re8 31. Qxd6 Bxe4 32. Qxg6 Rxg6 33. Nd5 Rd6 34. Ne3
Rxd1 35. Rxd1 h5 36. Kf1 Kg7 37. Rd7+ Kf6 38. Rd6+ Ke5 39. Rh6 Rc8 40. Rxh5+ Kd4
41. Ke2 Rc1 42. Ra5 Bc6 43. Kd2 Rb1 44. Nc2+ Ke4 45. Rxa6 Bb5 46. Re6+ 1-0

[Event "41st Olympiad Women 2014"]
[Site "Tromso NOR"]
[Date "2014.08.11"]
[Round "9.4"]
[Board "1"]
[White "Harika, Dronavalli"]
[Black "Muzychuk, Anna"]
[Result "1/2-1/2"]
[WhiteTitle "GM"]
[BlackTitle "GM"]
[WhiteElo "2521"]
[BlackElo "2555"]
[WhiteTeam "India"]
[BlackTeam "Ukraine"]
[WhiteFideId "5015197"]
[BlackFideId "14111330"]
[EventDate "2014.08.02"]

1. d4 d5 2. Nf3 Nf6 3. c4 c6 4. Nc3 e6 5. Bg5 h6 6. Bxf6 Qxf6 7. e3 Nd7 8. Qb3
g6 9. Be2 Bg7 10. Rd1 O-O 11. O-O b6 12. Rfe1 dxc4 13. Bxc4 Qe7 14. e4 c5 15.
Qa3 Bb7 16. Ba6 Bxa6 17. Qxa6 cxd4 18. Nxd4 Nc5 19. Qe2 Bxd4 20. Rxd4 Rfd8 21.
Red1 Rxd4 22. Rxd4 Rd8 23. Qd2 Rxd4 24. Qxd4 Qg5 25. g3 Qc1+ 26. Kg2 Qxb2 27.
Qd8+ Kg7 28. Qd4+ Kg8 29. Qd8+ Kg7 30. Qd4+ Kg8 31. Qd8+ 1/2-1/2

[Event "41st Olympiad Women 2014"]
[Site "Tromso NOR"]
[Date "2014.08.11"]
[Round "9.4"]
[Board "2"]
[White "Muzychuk, Mariya"]
[Black "Tania, Sachdev"]
[Result "1-0"]
[WhiteTitle "IM"]
[BlackTitle "IM"]
[WhiteElo "2530"]
[BlackElo "2418"]
[WhiteTeam "Ukraine"]
[BlackTeam "India"]
[WhiteFideId "14114550"]
[BlackFideId "5007844"]
[EventDate "2014.08.02"]

1. d4 Nf6 2. Bg5 e6 3. e4 h6 4. Bxf6 Qxf6 5. Nc3 d6 6. Qd2 g5 7. O-O-O Bg7 8.
Bb5+ c6 9. Be2 O-O 10. h4 Qf4 11. hxg5 Qxd2+ 12. Rxd2 hxg5 13. Rh5 f6 14. d5 Rd8
15. Bg4 exd5 16. Bxc8 Rxc8 17. exd5 Nd7 18. Nge2 cxd5 19. Rxd5 Bf8 20. f4 gxf4
21. Nxf4 Rc5 22. Ne6 Rxd5 23. Rxd5 Bh6+ 24. Kd1 Kf7 25. Rxd6 Ne5 26. Rd8 Rxd8+
27. Nxd8+ Ke7 28. Nxb7 Nc4 29. b3 Ne3+ 30. Ke2 Nxg2 31. Nb5 Nf4+ 32. Kf3 Nd5 33.
a4 a6 34. Nd4 Bd2 35. Nc5 a5 36. Ne4 Bb4 37. c4 Nc7 38. Nc6+ Ke6 39. Nxb4 axb4
40. Nc5+ Kd6 41. Nd3 Ne6 42. Ke3 f5 43. a5 f4+ 44. Nxf4 Nc5 45. Nd5 Nxb3 46. a6
Kc6 47. Nxb4+ Kb6 48. Ke4 Nc5+ 49. Kd5 Na4 50. Kd6 Ka7 51. c5 Nc3 52. c6 Nb5+
53. Kd7 Kb6 54. Nd5+ 1-0

[Event "41st Olympiad Women 2014"]
[Site "Tromso NOR"]
[Date "2014.08.11"]
[Round "9.4"]
[Board "4"]
[White "Zhukova, Natalia"]
[Black "Gomes, Mary Ann"]
[Result "1/2-1/2"]
[WhiteTitle "GM"]
[BlackTitle "WGM"]
[WhiteElo "2468"]
[BlackElo "2352"]
[WhiteTeam "Ukraine"]
[BlackTeam "India"]
[WhiteFideId "14101513"]
[BlackFideId "5013623"]
[EventDate "2014.08.02"]

1. d4 Nf6 2. c4 e6 3. Nc3 Bb4 4. e3 b6 5. Ne2 Ne4 6. Bd2 Nxd2 7. Qxd2 Bb7 8. a3
Bxc3 9. Nxc3 d5 10. cxd5 exd5 11. Bd3 Nd7 12. f3 O-O 13. O-O-O c5 14. dxc5 Nxc5
15. Bc2 Qe7 16. Nxd5 Bxd5 17. Qxd5 Qxe3+ 18. Kb1 Rfe8 19. h4 Qe5 20. h5 Qxd5 21.
Rxd5 h6 22. Rhd1 Kf8 23. b4 Ne6 24. Rd7 Re7 25. Kb2 Rc8 26. Bf5 Rc7 27. R7d6 Nf4
28. Rd8+ Re8 29. Rxe8+ Kxe8 30. g4 Ke7 31. Kb3 Kf6 32. Ka4 Nxh5 33. Kb5 Nf4 34.
Be4 Ne2 35. Ka6 Nc3 36. Rc1 Ke7 37. Bb7 Kd8 38. a4 Nxa4 39. Rd1+ Rd7 40. Rc1 Rc7
41. Rd1+ Rd7 42. Ra1 Nb2 43. Kxa7 Nd3 44. Kxb6 Nxb4 45. Be4 Ke7 46. Ra3 Nd5+ 47.
Kc5 Nf4 48. Bc6 Ne6+ 49. Kb4 Rc7 50. Bd5 Kd6 51. Bc4 g6 52. Ra8 Ke5 53. Rh8 Ng5
54. Rxh6 Nxf3 55. Bxf7 Rxf7 56. Rxg6 1/2-1/2

[Event "41st Olympiad Women 2014"]
[Site "Tromso NOR"]
[Date "2014.08.11"]
[Round "9.6"]
[Board "1"]
[White "Peptan, Corina-Isabela"]
[Black "Nguyen, Thi Mai Hung"]
[Result "1/2-1/2"]
[WhiteTitle "IM"]
[BlackTitle "WIM"]
[WhiteElo "2422"]
[BlackElo "2307"]
[WhiteTeam "Romania"]
[BlackTeam "Vietnam"]
[WhiteFideId "1201930"]
[BlackFideId "12401676"]
[EventDate "2014.08.02"]

1. e4 e6 2. Qe2 c5 3. Nf3 Nc6 4. g3 g6 5. Bg2 Bg7 6. c3 Nge7 7. d3 d6 8. O-O O-O
9. Rd1 e5 10. a3 Be6 11. b4 a6 12. Be3 cxb4 13. axb4 d5 14. Ng5 Bc8 15. exd5
Nxd5 16. Bc5 Re8 17. Ne4 Be6 18. Nd6 Re7 19. Nc4 Re8 20. Ra3 f6 21. Nbd2 Qc7 22.
Nd6 Red8 23. N2c4 Nce7 24. Ne4 Nf5 25. Ned2 Nfe7 26. d4 Rac8 27. dxe5 fxe5 28.
Re1 b6 29. Bxe7 Nxe7 30. Ne3 a5 31. bxa5 bxa5 32. Ne4 h6 33. Qa6 Nc6 34. h4 Bf7
35. Rb1 Rb8 36. Rxb8 Rxb8 37. Nd2 Bf8 38. Ra1 Rb6 39. Qd3 Rb8 40. Bd5 Kh7 41.
Qc4 Be8 42. Ne4 Be7 43. Bf7 Kg7 44. Bxe8 Rxe8 45. Nd5 Qb7 46. Ne3 h5 47. Nd5 Qd7
48. Rb1 Rd8 49. Nxe7 Nxe7 50. Qa6 Qc6 51. Qxc6 Nxc6 52. Rb7+ Kf8 53. Rc7 Ne7 54.
Ra7 Rd1+ 55. Kg2 Ra1 56. Nc5 Ra2 57. Kf3 Nd5 58. c4 Nf6 59. Ne6+ Ke8 60. c5 Ng4
61. c6 Rc2 62. Ra8+ Ke7 63. c7 Rxf2+ 64. Ke4 Nf6+ 65. Kd3 e4+ 66. Ke3 Rf3+ 67.
Kd2 Rf2+ 68. Kd1 Rf1+ 69. Ke2 Rc1 70. c8=Q Rxc8 71. Rxc8 Kxe6 72. Ra8 Nd5 73.
Rxa5 Ke5 74. Ra6 Ne7 75. Ra5+ Nd5 76. Ra6 Ne7 77. Kf2 Kd5 78. Ra5+ Kd4 79. Ra7
Nf5 80. Ra6 Ne7 81. Re6 Nf5 82. Ra6 1/2-1/2